000 00622nam a2200193Ia 4500
005 20250508160255.0
008 008 250505s9999 xx 000 0 eng d
037 _aTextual
040 _aFEDL
_beng
_cFEDL
041 _aeng
_2eng
084 _a370.7, ROY
_qFEDL
100 _aRoy Bing
_9767276
245 0 _aRelationship between the measures of success of teachers on students under teaching in schools
260 _aNew Delhi, India
_bNational Council of Educational Research and Training
_c1970
300 _a146p.
650 _aEducation
942 _cTEXL
_h370.7, ROY
999 _c1363307
_d1363307